Statystyki dla Dopasuj punkt orientacyjny do państwa #2

Kliknij tutaj aby rozwiązać quiz!

Ogólne statystyki

  • Ten quiz został rozwiązany 3 824 razy
  • Średni wynik to 11 z 22

Statystyki odpowiedzi

Punkt orientacyjnyKraj% Poprawnych
Wieża EifflaFrancja
100%
Wielki KanionStany Zjednoczone
94%
Brama BrandenburskaNiemcy
93%
StonehengeWielka Brytania
85%
PartenonGrecja
80%
Panteon (oryginalny)Włochy
78%
FudżiJaponia
74%
Sagrada FamiliaHiszpania
66%
SognefjordenNorwegia
57%
TeotihuacanMeksyk
53%
UluruAustralia
45%
Posąg Małej SyrenkiDania
45%
Błękitny MeczetTurcja
45%
Świątynia LotosuIndie
35%
Salto AngelWenezuela
34%
PersepolisIran
32%
Świątynia LuksorskaEgipt
29%
KrakatoaIndonezja
25%
Jezioro MoraineKanada
22%
Wyspy PalmoweZjednoczone Emiraty
Arabskie
17%
Pałac PotalaChiny
14%
Posąg MerlionSingapur
10%

Rozkład punktacji

Percentyl według liczby udzielonych odpowiedzi

Procent ludzi z każdym wynikiem

Twoja historia wyników

Nie rozwiązałeś tego quizu